|
|
|
|
| LEADER |
00000naa2a2200000 4500 |
| 001 |
84527 |
| 005 |
20240117154358.0 |
| 035 |
|
|
|a (RuTPU)RU\TPU\book\90852
|
| 090 |
|
|
|a 84527
|
| 100 |
|
|
|a 20051101d2002 k y0rusy50 ca
|
| 101 |
0 |
|
|a rus
|
| 102 |
|
|
|a RU
|
| 200 |
1 |
|
|a Ионизация земещённых фенолов в водных растворах
|f Л. А. Чернова, В. Т. Новиков
|
| 320 |
|
|
|a Библиогр.: 2 назв.
|
| 461 |
|
1 |
|0 (RuTPU)RU\TPU\book\48472
|t Химия и химическая технология на рубеже тысячелетий
|o материалы II Всероссийской научной конференции, Томск, 26-28 ноября 2002 г.
|f Российское химическое общество им. Д. И. Менделеева; Российская академия естественных наук; Томский научный центр СО РАН; Администрация Томской области; Томский политехнический университет
|d 2002-
|
| 463 |
|
0 |
|0 (RuTPU)RU\TPU\book\48111
|t Т. 1
|v С. 329-331.
|d 2002
|p 354 с.
|
| 610 |
1 |
|
|a ионизация
|
| 610 |
1 |
|
|a фенолы
|
| 610 |
1 |
|
|a замещённые фенолы
|
| 610 |
1 |
|
|a растворы
|
| 610 |
1 |
|
|a водные растворы
|
| 610 |
1 |
|
|a органические соединения
|
| 610 |
1 |
|
|a труды учёных ТПУ
|
| 700 |
|
1 |
|a Чернова
|b Л. А.
|
| 701 |
|
1 |
|a Новиков
|b В. Т.
|c химик
|c доцент Томского политехнического университета, кандидат химических наук
|f 1946-
|g Виктор Тимофеевич
|3 (RuTPU)RU\TPU\pers\28718
|9 13515
|
| 801 |
|
1 |
|a RU
|b 63413507
|c 20051101
|g PSBO
|
| 801 |
|
2 |
|a RU
|b 63413507
|c 20170111
|g RCR
|
| 942 |
|
|
|c BK
|